• 首页
  • 本馆介绍
  • 公告通知
  • 最新文献
  • 馆藏检索
  • 电子资源
  • 读者导购
  • 参考咨询
  • 我的图书馆
  • 登录
  • 详细信息显示
  • 放入我的书架
  • 预约/预借图书
  • 作者相关作品
  • 分类相关作品
  • 丛书相关作品
  • 出版社相关作品

书目信息

  • 表格格式
  • 工作单格式
  • 卡片格式
题名:
新时代 新高考
    
 
作者: 周宏锐 , 吕冰彩 , 吴健 著
分册:  
出版信息: 青岛   中国海洋大学出版社  2020.04
页数: 159页
开本: 23cm
丛书名:
单 册:
中图分类: G632.474
科图分类:
主题词: 高考--教育改革--研究--山东
电子资源:
ISBN: 978-7-5670-2476-2
000 00991nam0 2200265 450
001 012001002000
005 20141203101751.0
010    @a978-7-5670-2476-2@dCNY42.00
100    @a20220905d2020 em y0chiy50 ea
101 0  @achi
102    @aCN@b370000
105    @ay z 000yy
106    @ar
200 1  @a新时代 新高考@Axin shi dai xin gao kao@e山东省新高考综合改革方案概析@f周宏锐,吕冰彩,吴健著
210    @a青岛@c中国海洋大学出版社@d2020.04
215    @a159页@d23cm
330    @a本书共分四部分,内容包括:新时代发展形势下的新高考改革;山东省新高考综合改革实践概述;等级分数转换机器测量学意义;山东省新高考考生招生的变革。
517 1  @a山东省新高考综合改革方案概析@Ashan dong sheng xin gao kao zong he gai ge fang an gai xi
606 0  @a高考@x教育改革@x研究@y山东
690    @aG632.474@v5
701  0 @a周宏锐@Azhou hong rui@4著
701  0 @a吕冰彩@Alu bing cai@4著
701  0 @a吴健@Awu jian@4著
801  0 @aCN@bAHXH@c20221111
905    @b1372014-8@dG632.474@e1476@f5
    
    新时代 新高考:山东省新高考综合改革方案概析/周宏锐,吕冰彩,吴健著.-青岛:中国海洋大学出版社,2020.04
    159页;23cm
    
    
    ISBN 978-7-5670-2476-2:CNY42.00
    本书共分四部分,内容包括:新时代发展形势下的新高考改革;山东省新高考综合改革实践概述;等级分数转换机器测量学意义;山东省新高考考生招生的变革。
●
相关链接 在E读中查询图书 在五车中查询图书 在当当中查询图书 在豆瓣中查询图书


正题名:新时代 新高考     索取号:G632.474/1476         预约/预借

序号 登录号 条形码 馆藏地/架位号 状态 备注
1 1372014   213720142   第一样本阅览室/ [索取号:G632.474/1476] 在馆    
2 1372015   213720151   教育系资料室/ [索取号:G632.474/1476] 在馆    
3 1372016   213720160   教育系资料室/ [索取号:G632.474/1476] 在馆    
4 1372017   213720179   第四借阅区/ [索取号:G632.474/1476] 在馆    
5 1372018   213720188   第四借阅区/ [索取号:G632.474/1476] 在馆    
唐山师范学院图书馆 欢迎您!
大连网信软件有限公司© 版权所有